|
|
|
|
| LEADER |
02629nam a2200265 a 4500 |
| 001 |
12911841 |
| 008 |
100103r20042003enk b 001 0 eng d |
| 010 |
|
|
|a 2002014154
|
| 020 |
|
|
|a 1405123524
|
| 020 |
|
|
|a 0745629598 (hb : alk. paper)
|
| 020 |
|
|
|a 0745629601 (pb : alk. paper)
|
| 040 |
|
|
|a DLC
|c DLC
|d DLC
|d BD-DhAAL
|
| 082 |
0 |
0 |
|a 327
|2 21
|
| 100 |
1 |
|
|a Lawson, Stephanie.
|
| 245 |
1 |
0 |
|a International relations /
|c Stephanie Lawson.
|
| 260 |
|
|
|a Cambridge, UK ;
|a Malden, MA, USA
|b Polity,
|c 2003 [Reprinted 2004]
|
| 300 |
|
|
|a viii, 160 p. ;
|c 24 cm.
|
| 490 |
0 |
|
|a Short introductions
|
| 504 |
|
|
|a Includes bibliographical references (p. [141]-149) and index.
|
| 505 |
0 |
|
|a Eras in world politics -- The domain of international relations -- Approaches to the study of international relations -- Defining the international -- Mapping the international -- Internationalizing the state system -- Globalizing the international -- Defining the state -- States and empires in the pre-modern world -- Political community and human nature -- The rise of modernity -- The sovereign state and state system -- The modern colonial empires -- Nationalism and the nation-state -- The first conflagration -- The liberal search for peace and security -- From 'peace in our time' to the return of total war -- Realism : telling it how it is -- Neoliberalism, Neorealism and Marxism -- The changing structure of world politics, 1945-1989 -- The end of the Cold War -- Methodology and scientific IR -- From the end of history to a new world order -- The clash of civilizations -- Ethnicity and the deadly politics of identity -- Culture and IR -- Culture and normative theory -- Realist perspectives on security -- The liberal security order -- Alternative approaches to security and insecurity -- The human security paradigm -- Humanitarian intervention -- Terrorism -- The idea of international society -- Global governance and the United Nations -- Global economic governance and the liberal order -- Global civil society and social movements -- Regionalization and world order -- A fragmenting world order? -- The postcolonial order -- The concept of globalization -- A brief history of globalization -- Globalization versus the state -- Culture and globalization -- Globalization, the state and normative theory -- Rethinking political community.
|
| 541 |
1 |
|
|e 00014211
|
| 650 |
|
0 |
|a International relations.
|
| 852 |
4 |
|
|a Ayesha Abed Library
|j General shelf
|
| 999 |
|
|
|c 6645
|d 6645
|
| 952 |
|
|
|0 0
|1 0
|2 ddc
|4 0
|6 327_LAW_200300000000000
|7 0
|9 6808
|a BRACUL
|b BRACUL
|c GEN
|d 2010-01-03
|l 5
|m 25
|o 327 LAW
|p 3010014211
|r 2025-12-07
|s 2025-11-10
|t 1
|w 2010-01-03
|y BK
|